000 00472nam a2200181Ia 4500
005 20250508163310.0
008 008 250505s9999 xx 000 0 eng d
037 _aTextual
040 _aFEDL
_beng
_cFEDL
041 _aeng
_2eng
084 _aF, RYB
_qFEDL
100 _aRybakov Anatoly
_962657
245 0 _aDirk
260 _aMoscow
_bForeign Languages Publishing House
_c1954
300 _a287p.
942 _cTEXL
_hF, RYB
999 _c1382163
_d1382163